000 00655nam a22002177a 4500
003 OSt
005 20251218074350.0
008 251218b |||||||| |||| 00| 0 eng d
020 _a0-07-112193-5
040 _aDWC-Main lib
_cOC
082 _aCirc. 621.32 F552 2003
100 _aFitzgerald, A.
245 _aElectric machinery
_cFitzgerald, A. E.
260 _bMcGraw-Hill,
_cc2003
300 _axv, 688 pages ;
_c 23 cm.
504 _aIncludes index
650 _2Electric machinery
700 _aKingsley, Charles Jr.
700 _aUmans, Stephen D.
942 _2ddc
_cBK-CIRC
_hCirc. 621.32 F552 2003
_kCirc.
_n0
999 _c7203
_d7203